Missel Biblique de tous les jours /

Salvato in:
Dettagli Bibliografici
Natura: Libro
Lingua:francese
Pubblicazione: Bourges, Francia : Tardy : Action Catholique Rurale, 1957, c1957
Tags: Aggiungi Tag
Nessun Tag, puoi essere il primo ad aggiungerne!!

MARC

LEADER 00000nam^a2200000^a^4500
001 000621702
005 20260220000000.0
009 20260310133903.902
037 |a Acervo ITESO - Biblioteca 
041 |a FRA 
091 |a FOB. 01791 
245 0 0 |a Missel Biblique de tous les jours / 
264 4 |a Bourges, Francia :  |b Tardy :  |b Action Catholique Rurale,  |c 1957, c1957 
300 |a 1979 p. 
336 |a texto  |b txt  |2 rdacontenido 
337 |a sin mediación  |b n  |2 rdamedio 
338 |a volumen  |b nc  |2 rdasoporte 
649 |a XX+ 
910 |a Fondo Carlos de Obeso Orendain 
920 |a Impresos - Libros 
930 |a Fondos Especiales 
905 |a 147 
901 |a 621702-10  |b IT2  |c ESP  |i D  |u 20250924 
902 |a https://opac.biblio.iteso.mx/vufind/Record/000621702